| 000 | 00643nam a2200193 a 4500 | ||
|---|---|---|---|
| 001 | 000020860 | ||
| 005 | 20200930011158.0 | ||
| 008 | 100818s1969 it 000 | ita d | ||
| 040 |
_aDO-SdBNP _bspa _cBPJMB |
||
| 082 |
_a248.2 _bP112h |
||
| 100 | 0 |
_aPablo _bVI _cPapa _d1897-1978 _943724 |
|
| 245 | 1 | 2 |
_aL´Humanæ vitæ / _cEdición F. V. Joannes. |
| 260 |
_aVerona, Italia : _bArnoldo Mondadori, _c1969. |
||
| 300 |
_a515 p. ; _c18 cm. |
||
| 500 | _aIncluye notas al pie de las páginas. | ||
| 600 | 0 | 4 |
_aPABLO IV _d1897-1978 _xDOCUMENTOS _943725 |
| 650 | 4 |
_aReligión _xEnsayos, conferencias, etc. _943726 |
|
| 700 | 1 |
_aJoannes, F. V., _eed. _943727 |
|
| 999 |
_c20363 _d20363 |
||